000 00537cam a22002171 4500
001 sa 68003478
003 DLC
005 20260227112453.0
008 900205s1967 ii a 000 1 gujo
010 _asa 68003478
035 _a(OCoLC)21001480
040 _aDLC
_cWaU
_dDLC
042 _apremarc
050 0 0 _aPK1859.B66
_bA8
100 1 _aBrahmbhatt, Prahladbhai Damodardas,
_d1909-
245 1 0 _aAntaravaloṇuṃ.
260 _c[1967 or 8]
300 _a2 v.
_billus.
_c19 cm.
500 _aIn Gujarati.
500 _aA novel.
999 _c79506
_d79506